000
00204 a2200097 4500
001
11916
100
_a
Carter, G.
245
_a
Major Foreign powers
260
_a
_b
Harcourt Brau
_c
090
_c
9170
_d
9170
942
_a
NUST-CAE
_c
M
_c
36012
999
_c
246989
_d
246989